000 00466nam a2200181Ia 4500
999 _c55967
_d55967
003 0100
005 20180219144525.0
008 130303s9999 xx 000 0 und d
040 _cARRUPELIB
050 _aDT752.Y4 1951
100 _aUnion-Castle Mail Steamship Company
_96315
245 4 _aThe year book and guide to Southern Africa /
260 _aLondon
_bRobert Hale Limited
_c1951
300 _alx
300 _b 770p. 19cm.
650 _aAfrica, Southern
_xGuidebooks
_939392
700 _aGordon-Brown, Alfred ed.
_939393
942 _2lcc
_cMONOGRAPH